Decolonising the past: historical writing in the time of Sachin - and beyond (Record no. 64733)

000 -LEADER
fixed length control field 01336pab a2200169 454500
008 - FIXED-LENGTH DATA ELEMENTS--GENERAL INFORMATION
fixed length control field 180718b2005 xxu||||| |||| 00| 0 eng d
100 ## - MAIN ENTRY--PERSONAL NAME
Personal name Thapar, Romila
245 ## - TITLE STATEMENT
Title Decolonising the past: historical writing in the time of Sachin - and beyond
260 ## - PUBLICATION, DISTRIBUTION, ETC.
Date of publication, distribution, etc. 2005
300 ## - PHYSICAL DESCRIPTION
Extent p.1442-448.
362 ## - DATES OF PUBLICATION AND/OR SEQUENTIAL DESIGNATION
Dates of publication and/or sequential designation 2 Apr
520 ## - SUMMARY, ETC.
Summary, etc. The decades of the 1950s and 1960s were a watershed in the writing of history. Narratives of the past continued to be written as they are to this day, and there continues to be a valuable gathering of new evidence. But the more challenging trend has been to pursue answers to questions that relate to why and how something happened rather than merely when and where. actions and events had multiple causes and the priorities among these have to be justified by the evidence as well as by logical argument. There is also a need to integrate a variety of facets in constructing a historical context. History was an explanation of what happened in the past, an attempt to understand the past, and of basing this understanding on `critical enquiry', incorporated into what is also called the `historical method'. Historical understanding also has to be viewed as a `process in time'. - Reproduced.
650 ## - SUBJECT ADDED ENTRY--TOPICAL TERM
Topical term or geographic name entry element India - History
650 ## - SUBJECT ADDED ENTRY--TOPICAL TERM
Topical term or geographic name entry element History
773 ## - HOST ITEM ENTRY
Main entry heading Economic and Political Weekly
909 ## -
-- 64733
Holdings
Withdrawn status Lost status Damaged status Not for loan Permanent Location Current Location Date acquired Serial Enumeration / chronology Barcode Date last seen Price effective from Koha item type
        Indian Institute of Public Administration Indian Institute of Public Administration 2018-07-19 Volume no: 40, Issue no: 14 AR65185 2018-07-19 2018-07-19 Articles

Powered by Koha